<?xml version="1.0" encoding="UTF-8"?>
<record
    xmlns:xsi="http://www.w3.org/2001/XMLSchema-instance"
    xsi:schemaLocation="http://www.loc.gov/MARC21/slim http://www.loc.gov/standards/marcxml/schema/MARC21slim.xsd"
    xmlns="http://www.loc.gov/MARC21/slim">

  <leader>00885nam a2200217   4500</leader>
  <controlfield tag="001">144100</controlfield>
  <controlfield tag="003">ES-MaACL</controlfield>
  <controlfield tag="005">20230906200937.0</controlfield>
  <controlfield tag="007">t|</controlfield>
  <controlfield tag="008">070214s1983    sp      r    ||||1| spa d</controlfield>
  <datafield tag="111" ind1="2" ind2=" ">
    <subfield code="a">Simposio Alcohol y Energ&#xED;a (</subfield>
    <subfield code="c">Valencia (</subfield>
    <subfield code="d">1981)</subfield>
    <subfield code="9">135218</subfield>
  </datafield>
  <datafield tag="245" ind1="1" ind2="0">
    <subfield code="a">Simposio Alcohol y Energ&#xED;a </subfield>
    <subfield code="b">: celebrado en la sede de la Fundaci&#xF3;n Valenciana de Estudios Avanzados : Valencia, 11 y 12 de diciembre de 1981.</subfield>
  </datafield>
  <datafield tag="260" ind1=" " ind2=" ">
    <subfield code="a">Madrid : </subfield>
    <subfield code="b">Instituto Nacional de Investigaciones Agrarias, </subfield>
    <subfield code="c">1983.</subfield>
  </datafield>
  <datafield tag="300" ind1=" " ind2=" ">
    <subfield code="a">167 p., 3 l&#xE1;m. : </subfield>
    <subfield code="b">il. ; </subfield>
    <subfield code="c">24 cm.</subfield>
  </datafield>
  <datafield tag="490" ind1="1" ind2=" ">
    <subfield code="a">Monograf&#xED;as I. N. I. A. ; </subfield>
    <subfield code="v">47</subfield>
  </datafield>
  <datafield tag="710" ind1="2" ind2=" ">
    <subfield code="a">Instituto Nacional de Investigaciones Agrarias (Espa&#xF1;a)</subfield>
    <subfield code="9">5168</subfield>
  </datafield>
  <datafield tag="710" ind1="2" ind2=" ">
    <subfield code="a">Fundaci&#xF3;n Valenciana de Estudios Avanzados.</subfield>
    <subfield code="9">4429</subfield>
  </datafield>
  <datafield tag="830" ind1="0" ind2=" ">
    <subfield code="a">Monograf&#xED;as I. N. I. A. ; </subfield>
    <subfield code="v">47</subfield>
    <subfield code="9">177538</subfield>
  </datafield>
  <datafield tag="852" ind1=" " ind2=" ">
    <subfield code="a">ES-MaACL</subfield>
    <subfield code="j">L-5838 </subfield>
    <subfield code="b">R.106283</subfield>
  </datafield>
  <datafield tag="999" ind1=" " ind2=" ">
    <subfield code="c">144100</subfield>
    <subfield code="d">144100</subfield>
  </datafield>
  <datafield tag="952" ind1=" " ind2=" ">
    <subfield code="0">0</subfield>
    <subfield code="1">0</subfield>
    <subfield code="4">0</subfield>
    <subfield code="7">0</subfield>
    <subfield code="a">ATENEOM</subfield>
    <subfield code="b">ATENEOM</subfield>
    <subfield code="c">DEPO2</subfield>
    <subfield code="d">2008-01-17</subfield>
    <subfield code="e">SC</subfield>
    <subfield code="l">0</subfield>
    <subfield code="o">L-5838</subfield>
    <subfield code="p">1149924</subfield>
    <subfield code="r">2023-02-23 00:00:00</subfield>
    <subfield code="w">2023-02-23</subfield>
    <subfield code="y">MONOGRAFIA</subfield>
  </datafield>
</record>
